Corinthians 2024 Squad - Statistics

General Stats
  • This quiz has been taken 251 times
  • The average score is 22 of 34
Answer Stats
# Position Player % Correct
46 DF Hugo
97%
9 FW Yuri Alberto
95%
1 GK Hugo Souza
94%
10 MF Rodrigo Garro
93%
94 FW Memphis Depay
91%
11 FW Ángel Romero
85%
5 DF André Ramalho
84%
21 DF Matheus Bidu
84%
23 DF © Fagner
78%
13 DF Gustavo Henrique
78%
3 DF Félix Torres
77%
32 GK Matheus Donelli
77%
27 MF Breno Bidon
74%
25 DF Cacá
74%
77 MF Igor Coronado
73%
8 MF Charles
72%
7 MF Maycon
71%
19 MF André Carrillo
70%
14 MF Raniele
67%
43 FW Talles Magno
67%
20 FW Pedro Raul
60%
80 MF Alex Santana
58%
70 MF José Martínez
57%
35 DF Léo Maná
55%
6 DF Diego Palacios
54%
2 DF Matheusinho
51%
37 MF Ryan
50%
16 FW Pedro Henrique
42%
22 FW Héctor Hernández
41%
Manager Ramón Díaz
37%
4 DF Caetano
34%
17 FW Giovane
34%
30 MF Matheus Araújo
23%
33 MF Ruan Oliveira
13%
No matching quizzes found
Score Distribution
Percent of People with Each Score
Percentile by Number Answered
Your Score History
You have not taken this quiz